Statistics for Most Streamed The Weeknd Songs

Click here to take the quiz!

General Stats

  • This quiz has been taken 31 times
  • The average score is 6 of 10

Answer Stats

#StreamsAnswer% Correct
14.08BBlinding Lights
96%
51.86BSave Your Tears
88%
23.06BStarboy
88%
32.18BThe Hills
79%
42.08BDie For You
63%
61.67BI Feel It Coming
63%
71.67BCan't Feel My Face
58%
81.67BCall Out My Name
38%
91,59BEarned It
38%
101.21BCreepin'
17%

Score Distribution

Percentile by Number Answered

Percent of People with Each Score

Your Score History

You have not taken this quiz